Instrumentation reference book (Record no. 571118)

000 -LEADER
fixed length control field 00926nam a22001937a 4500
003 - CONTROL NUMBER IDENTIFIER
control field CEME
005 - DATE AND TIME OF LATEST TRANSACTION
control field 20210628202822.0
008 - FIXED-LENGTH DATA ELEMENTS--GENERAL INFORMATION
fixed length control field 210125b xxu||||| |||| 00| 0 eng d
020 ## - INTERNATIONAL STANDARD BOOK NUMBER
International Standard Book Number 0-7506-7123-8
040 ## - CATALOGING SOURCE
Transcribing agency .
082 ## - DEWEY DECIMAL CLASSIFICATION NUMBER
Classification number 681.2 INS
100 ## - MAIN ENTRY--PERSONAL NAME
Personal name Boyes, Walt
9 (RLIN) 61786
245 ## - TITLE STATEMENT
Title Instrumentation reference book
250 ## - EDITION STATEMENT
Edition statement 3RD
260 ## - PUBLICATION, DISTRIBUTION, ETC.
Place of publication, distribution, etc. NEW DELHI
Name of publisher, distributor, etc. BUTTERWORTH HEINEMAN
Date of publication, distribution, etc. 2003
300 ## - PHYSICAL DESCRIPTION
Extent XV,1060 P
650 ## - SUBJECT ADDED ENTRY--TOPICAL TERM
Topical term or geographic name entry element MECHANICAL MEASUREMENTS. MEASUREMENT OF FLOW. MEASUREMENT OF VISCOSITY. MEASUREMENT OF LENGTH. MEASUREMENT OF STRAIN. MEASUREMENT OF LEVEL AND VOLUME.VIBRATION. MEASUREMENT OF FORCE. MEASUREMENT OF DENSITY. MEASUREMENT OF PRESSURE. MEASUREMENT OF VACUUM.FIBER OPTICS IN SENSOR INSTRUMENTATION.MICROPROCESSOR BASED INTELLIGENT TRANSMITTERS. MEASUREMENT OF TEMPERATURE. MEASUREMENT OF CHEMICAL COMPOSITION.ELECTRICAL AND RADIATION MEASUREMENT.INSTRUMENTATION SYSTEMS.
9 (RLIN) 61787
942 ## - ADDED ENTRY ELEMENTS (KOHA)
Koha item type Book
Source of classification or shelving scheme
Holdings
Withdrawn status Lost status Damaged status Not for loan Permanent Location Current Location Shelving location Date acquired Total Checkouts Full call number Barcode Date last seen Price effective from Koha item type
        College of Electrical & Mechanical Engineering (CEME) College of Electrical & Mechanical Engineering (CEME) Reference 07/21/2017   681.2 INS CEME-41741 06/28/2021 06/28/2021 Book
© 2023 Central Library, National University of Sciences and Technology. All Rights Reserved.